Towards an ideal system of federal governance: An attempt to develop a prototype fraternal model (Record no. 39407)

000 -LEADER
fixed length control field 01558pab a2200193 454500
008 - FIXED-LENGTH DATA ELEMENTS--GENERAL INFORMATION
fixed length control field 180718b1998 xxu||||| |||| 00| 0 eng d
100 ## - MAIN ENTRY--PERSONAL NAME
Personal name Chaubey, P.K.
245 ## - TITLE STATEMENT
Title Towards an ideal system of federal governance: An attempt to develop a prototype fraternal model
260 ## - PUBLICATION, DISTRIBUTION, ETC.
Date of publication, distribution, etc. 1998
300 ## - PHYSICAL DESCRIPTION
Extent p.534-556.
362 ## - DATES OF PUBLICATION AND/OR SEQUENTIAL DESIGNATION
Dates of publication and/or sequential designation Jul-Sep
520 ## - SUMMARY, ETC.
Summary, etc. In the context of worldwide support for decentralisation in governance and the growing need to delineate on the broad contours of an ideal system, the author first examines the existing federal systems and finding these highly paternal, he opts for evolving fraternal model. For this purpose, he appraises the approaches advanced in support of centralisation as well as decentralisation and then develops a theoretic model in terms of intra-unit, inter-unit and multi-unit governance. The basic idea advanced in this regard is that tasks that can be carried out at a lower level jurisdiction should not be assigned to a higher level. The author suggests empowering primary units to raise their own resources commensurate with the tasks allocated and recommends sharing of entitlements in place of grants-in-aid in the event of problems in assignment of elastic tax bases. He also examines in brief the federal relations in India and suggests a paradigm shift suiting the genius and ethos of our people. - Reproduced
650 ## - SUBJECT ADDED ENTRY--TOPICAL TERM
Topical term or geographic name entry element Public administration - India
650 ## - SUBJECT ADDED ENTRY--TOPICAL TERM
Topical term or geographic name entry element Federalism - India
650 ## - SUBJECT ADDED ENTRY--TOPICAL TERM
Topical term or geographic name entry element Federalism
773 ## - HOST ITEM ENTRY
Main entry heading Indian Journal of Public Administration
908 ## - PUT COMMAND PARAMETER (RLIN)
Put command parameter N
909 ## -
-- 39407
Holdings
Withdrawn status Lost status Damaged status Not for loan Permanent Location Current Location Date acquired Serial Enumeration / chronology Barcode Date last seen Price effective from Koha item type
        Indian Institute of Public Administration Indian Institute of Public Administration 2018-07-19 Volume no: 44, Issue no: 3 AR39773 2018-07-19 2018-07-19 Articles

Powered by Koha